000 00799nam a2200217Ia 4500
003 GCL
008 140319s9999 xx 000 0 ara d
020 _a9751215977
040 _aGCL /
_cGCL
082 0 4 _a791.43
_bن د
100 1 _aنسمة احمد البطريق
245 1 0 _aالدلالة فى السينما والتلفزيون فى عصر العولمة /
_cنسمة احمد البطريق
250 _aالاولى
260 _aالقاهرة :
_bدار غريب للطباعة والنشر والتوزيع ،
_c2004
300 _a399ص ؛
_c25 سم
650 0 4 _aالسينما
650 0 4 _aالسينما والتليفزيون
650 0 4 _aالسينما - صناعة وتجارة
650 0 4 _aالسينما والتلفزيون - العولمة
942 _2ddc
_cBK
999 _c5965
_d5965